Name that Airport (Europe) - Statistics

General Stats
  • This quiz has been taken 54 times
  • The average score is 27 of 35
Answer Stats
Clue Code City % Correct
1) Charles De Gaulle CDG Paris
100%
2) Heathrow, Gatwick LHR, LGW London
98%
12) Luton Airport LTN London
98%
9) Frankfurt Am Main FRA Frankfurt
96%
10) Amsterdam Schiphol Airport AMS Amsterdam
94%
20) Barcelona El Prat BCN Barcelona
94%
17) Berlin-Schonefeld SXF Berlin
94%
8) Adolfo Suarez MAD Madrid
94%
16) Warsaw-Chopin WAW Warsaw
94%
4) Leonardo DaVinci International FCO Rome
92%
30) Ciampino- GB Pastine CIA Rome
92%
32) Brussels South Charleroi CRL Brussels
90%
15) Ferenc-Liszt Airport BUD Budapest
90%
23) Lyon Saint-Exupery LYS Lyon
90%
5) Marco Polo International VCE Venice
90%
19) Colonge-Bonn CGN Cologne
88%
29) John Lennon International LPL Liverpool
86%
3) Malpensa, Linate MXP, LIN Milan
86%
14) Vaclav Havel PRG Prague
86%
25) Goteborg Landvetter Airport GOT Gothenburg
84%
26) John Paul II International KRK Krakow
84%
6) Sheremetyevo SVO Moscow
78%
11) Vnukovo International VKO Moscow
78%
27) Nikola Tesla International BEG Belgrade
76%
22) Francisco de Sa Carneiro Airport OPO Porto
74%
7) Sabiha Gokcen International SAW Istanbul
68%
28) Falcone-Borsellino Airport PMO Palermo
66%
24) Keflavik International KEF Reykjavik
62%
21) Boryspil International KBP Kyiv
60%
18) Henri Coanda International OTP Bucharest
54%
33) Guglielmo Marconi Airport BLQ Bologna
50%
35) Pulkovo Airport LED St Petersburg
50%
31) Makedonia Airport, Mikra SKG Thessaloniki
42%
13) Esenboga International ESB Ankara
34%
34) Adnan Menderes International ADB Izmir
18%
No matching quizzes found
Score Distribution
Percent of People with Each Score
Percentile by Number Answered
Your Score History
You have not taken this quiz